00621nmm a2200193Ia 4500008004100000020001800041041000800059100002900067245005700096264005800153300001800211490003500229650002300264700002900287700003600316856005100352942000700403999001700410251105s9999||||xx |||||||||||||||||und|| a9788484893561 aspa aSalvador Miguel, Nicasio 0aLa literatura en la época de los Reyes Católicos a[Madrid, España] :bIberoamericana Vervuert, c2008 a303 páginas aBiblioteca Áurea Hispánica aSpanish literature aSalvador Miguel, Nicasio1 a Moya García, Cristina (eds.) uhttps://public.digitaliapublishing.com/a/15413 cCF c71020d71020